<?xml version="1.0" encoding="UTF-8"?>
<marc:record xmlns:marc="http://www.loc.gov/MARC21/slim">
   <marc:leader>00000nam a2200000 a 4500</marc:leader>
   <marc:datafield ind1="1" ind2=" " tag="100">
      <marc:subfield code="a">Tielmann, Christian</marc:subfield>
      <marc:subfield code="4">aut</marc:subfield>
      <marc:subfield code="e">Verfasser/-in</marc:subfield>
   </marc:datafield>
   <marc:datafield ind1=" " ind2=" " tag="653">
      <marc:subfield code="a">Geschwister</marc:subfield>
   </marc:datafield>
   <marc:datafield ind1=" " ind2=" " tag="653">
      <marc:subfield code="a">Ninja</marc:subfield>
   </marc:datafield>
   <marc:datafield ind1="0" ind2="0" tag="245">
      <marc:subfield code="a">Ninja ohne Plan</marc:subfield>
   </marc:datafield>
   <marc:datafield ind1=" " ind2="1" tag="264">
      <marc:subfield code="b">dtv</marc:subfield>
      <marc:subfield code="c">2025</marc:subfield>
   </marc:datafield>
   <marc:datafield ind1="1" ind2=" " tag="520">
      <marc:subfield code="a">Nick hält sich für ganz normal. Er ist in einigen Dingen gut (reden, meditieren, besonders ein- und ausatmen). In anderen Dingen nicht so gut (an der Tafel rechnen, Schule im Allgemeinen). Bei einer Sache ist er sich aber ziemlich sicher: Zum Ninja ist er nicht geboren. Doch Nick trifft per Zufall – oder eher Unfall – auf Meister Jojo, den Sensei eines geheimen Ninja-Dojos. Und bald muss er nicht nur mit Olga, Zoran und den anderen Kids krasse Tricks trainieren, sondern auch noch die Stadt retten. Denn die ist plötzlich ohne Strom, nichts funktioniert mehr. Wer steckt dahinter? Können die Kids den Fall lösen? Und wird Nick wirklich zum Ninja?</marc:subfield>
   </marc:datafield>
   <marc:datafield ind1=" " ind2=" " tag="020">
      <marc:subfield code="a">9783423765558</marc:subfield>
      <marc:subfield code="9">9783423765558</marc:subfield>
   </marc:datafield>
</marc:record>
